000
00303nam a22001337a 4500
008
170221b xxu||||| |||| 00| 0 eng d
020
_a
9780071410922
041
_a
eng
080
_2
9TH
_a
615
100
_a
5
101
_a
SHF
245
_a
BASIC & CLINICAL PHARMACOLOGY
_c
KATZUNG, B.G
942
_2
udc
_c
BK
999
_c
5945
_d
5945